Normal view
MARC view
- Percival, James.
Entry Personal Name
001 - CONTROL NUMBER
- control field: 52138
003 - CONTROL NUMBER IDENTIFIER
- control field: OSt
005 - DATE AND TIME OF LATEST TRANSACTION
- control field: 20240212091813.0
008 - FIXED-LENGTH DATA ELEMENTS
- fixed length control field: 240212|| aca||aabn | a|a d
040 ## - CATALOGING SOURCE
- Original cataloging agency: OSt
- Transcribing agency: OSt
100 ## - HEADING--PERSONAL NAME
- Personal name: Percival, James.
670 ## - SOURCE DATA FOUND
- Source citation: Work cat.: (OSt): Percival, James., Understanding & teaching primary history /, ©2020.
